Flags of the Balkans - Statistics

General Stats
  • This quiz has been taken 28 times
  • The average score is 11 of 11
Answer Stats
Picture Answer % Correct
Albania
100%
Croatia
100%
Greece
100%
Slovenia
100%
Bosnia & Herzegovina
96%
Montenegro
96%
North Macedonia
96%
Romania
96%
Serbia
96%
Bulgaria
93%
Kosovo
93%
No matching quizzes found
Score Distribution
Percent of People with Each Score
Percentile by Number Answered
Your Score History
You have not taken this quiz